000 00562nam a2200229Ia 4500
003 OSt
005 20221005123908.0
006 a|||||r|||| 00| 0
007 ta
008 221004b |||||||| |||| 00| 0 eng d
024 _a61778
037 _cTextual
040 _aCRL
_cCRL
_beng
041 _2eng
_aeng
082 _aW:5, 33K2
100 _aVenkatachari
_9592567
245 0 _aManayan hakku bdhyateyalu
260 _c1962
650 _aPOLITICAL SCIENCE
942 _hW:5, 33K2
_cTEXL
_2cc
999 _c1048831
_d1048831